[Event "Wch U16"]
[Site "Yerevan"]
[Date "1997.09.24"]
[Round "4"]
[White "Toth, Andras"]
[Black "Aronian, Levon"]
[Result "1-0"]
[WhiteElo "2280"]
[BlackElo "2435"]
[PlyCount "55"]
[EventDate "1997.09.21"]
[EventType "swiss"]
[EventRounds "11"]
[EventCountry "ARM"]
[SourceTitle "EXT 2008"]
[Source "ChessBase"]
[SourceDate "2007.11.25"]
[SourceVersion "1"]
[SourceVersionDate "2007.11.25"]
[SourceQuality "1"]

1. e4 c5 2. Nf3 d6 3. d4 cxd4 4. Nxd4 Nf6 5. Nc3 g6 6. Be3 Bg7 7. f3 Nc6 8. Qd2
Bd7 9. g4 Rc8 10. O-O-O h5 11. g5 Nh7 12. Kb1 O-O 13. f4 Re8 14. Be2 Nf8 15.
Rhf1 Qa5 16. f5 Be5 17. fxg6 fxg6 18. Bc4+ Kh8 19. Bf7 Red8 20. Qf2 Nxd4 21.
Bxd4 Bh3 22. Rfe1 Be6 23. Nd5 Bxf7 24. Qxf7 Qa4 25. Nxe7 Qxc2+ 26. Ka1 Qc4 27.
Qxc4 Rxc4 28. Bxe5+ 1-0

[Event "Wch U16"]
[Site "Yerevan"]
[Date "1997.09.26"]
[Round "6"]
[White "Gaprindashvili, Valerian"]
[Black "Aronian, Levon"]
[Result "0-1"]
[WhiteElo "2285"]
[BlackElo "2435"]
[PlyCount "110"]
[EventDate "1997.09.21"]
[EventType "swiss"]
[EventRounds "11"]
[EventCountry "ARM"]
[SourceTitle "EXT 2008"]
[Source "ChessBase"]
[SourceDate "2007.11.25"]
[SourceVersion "1"]
[SourceVersionDate "2007.11.25"]
[SourceQuality "1"]

1. d4 Nf6 2. c4 g6 3. g3 Bg7 4. Bg2 d5 5. cxd5 Nxd5 6. e4 Nb6 7. Ne2 O-O 8. O-O
c6 9. Nbc3 e5 10. d5 cxd5 11. exd5 Bf5 12. b3 Nc8 13. Ba3 Nd6 14. Qd2 Na6 15.
Rac1 Re8 16. Qe3 h5 17. f4 exf4 18. Qxf4 Be5 19. Qf2 Qb6 20. Rfd1 Bg4 21. h3
Bxe2 22. Nxe2 Nb5 23. Bc5 Nxc5 24. Qxc5 Qa6 25. a4 Nd6 26. Qf2 Nf5 27. Rc4 h4
28. Rd3 hxg3 29. Nxg3 Nxg3 30. Rxg3 Bxg3 31. Qxg3 Rac8 32. Rg4 Rc1+ 33. Kh2 Qb6
34. Bf3 Rc2+ 35. Bg2 Qf6 36. Rf4 Qb2 37. Kg1 Qc1+ 38. Rf1 Qe3+ 39. Kh2 Qxg3+
40. Kxg3 Re3+ 41. Kf4 Rxb3 42. Bf3 Rc4+ 43. Ke5 Kf8 44. Bd1 Rd3 45. Kd6 Rc6+
46. Ke5 Rc1 47. Be2 Re3+ 48. Kd6 Rxf1 49. Bxf1 Re7 50. Bb5 f5 51. h4 f4 52. Bd3
f3 53. a5 f2 54. a6 bxa6 55. Kc6 Re1 0-1

[Event "Wch U16"]
[Site "Yerevan"]
[Date "1997.09.28"]
[Round "7"]
[White "Aronian, Levon"]
[Black "Szelag, Marcin"]
[Result "1-0"]
[WhiteElo "2435"]
[BlackElo "2290"]
[PlyCount "83"]
[EventDate "1997.09.21"]
[EventType "swiss"]
[EventRounds "11"]
[EventCountry "ARM"]
[SourceTitle "EXT 2008"]
[Source "ChessBase"]
[SourceDate "2007.11.25"]
[SourceVersion "1"]
[SourceVersionDate "2007.11.25"]
[SourceQuality "1"]

1. g3 g6 2. Bg2 Bg7 3. c4 Nf6 4. Nc3 d6 5. d3 e5 6. b4 O-O 7. Rb1 c6 8. Qb3 Re8
9. b5 Qc7 10. Ba3 c5 11. Bc1 Be6 12. Nf3 h6 13. O-O Nbd7 14. Nd2 Rab8 15. Qa4
Nb6 16. Qb3 Rbd8 17. a4 Qd7 18. a5 Nc8 19. a6 Bh3 20. axb7 Ne7 21. Bxh3 Qxh3
22. f3 Qd7 23. Qa4 Qxb7 24. Ra1 Rd7 25. e4 h5 26. Nb3 Nh7 27. Na5 Qa8 28. b6
Nf6 29. b7 Rxb7 30. Nxb7 Qxb7 31. Qxa7 Qb3 32. Qa3 Qb8 33. Bg5 Nc6 34. Rfb1 Nb4
35. Bxf6 Bxf6 36. Nd5 Bg5 37. Nxb4 cxb4 38. Qxb4 Qc8 39. Kg2 Qc5 40. Qxc5 dxc5
41. Kf2 Rd8 42. Ke2 1-0

[Event "Wch U16"]
[Site "Yerevan"]
[Date "1997.09.29"]
[Round "8"]
[White "Kundin, Alexander"]
[Black "Aronian, Levon"]
[Result "0-1"]
[WhiteElo "2305"]
[BlackElo "2435"]
[PlyCount "52"]
[EventDate "1997.09.21"]
[EventType "swiss"]
[EventRounds "11"]
[EventCountry "ARM"]
[SourceTitle "EXT 2008"]
[Source "ChessBase"]
[SourceDate "2007.11.25"]
[SourceVersion "1"]
[SourceVersionDate "2007.11.25"]
[SourceQuality "1"]

1. e4 c5 2. Nf3 d6 3. d4 cxd4 4. Nxd4 Nf6 5. Nc3 g6 6. Be3 Bg7 7. f3 Nc6 8. Qd2
O-O 9. g4 Be6 10. O-O-O Nxd4 11. Bxd4 Qa5 12. a3 Rab8 13. h4 b5 14. Nd5 Qxd2+
15. Rxd2 Bxd5 16. exd5 Rfc8 17. Bxa7 Ra8 18. Bd4 b4 19. Kb1 bxa3 20. b3 a2+ 21.
Ka1 Ne4 22. Rd1 Nf2 23. Bxg7 Nxd1 24. Bh6 Nf2 25. Rh2 Rxc2 26. Bc4 Rb2 0-1

[Event "Wch U16"]
[Site "Yerevan"]
[Date "1997.09.30"]
[Round "9"]
[White "Aronian, Levon"]
[Black "Vajda, Levente"]
[Result "1-0"]
[WhiteElo "2435"]
[BlackElo "2445"]
[PlyCount "99"]
[EventDate "1997.09.21"]
[EventType "swiss"]
[EventRounds "11"]
[EventCountry "ARM"]
[SourceTitle "EXT 2008"]
[Source "ChessBase"]
[SourceDate "2007.11.25"]
[SourceVersion "1"]
[SourceVersionDate "2007.11.25"]
[SourceQuality "1"]

1. g3 g6 2. Bg2 Bg7 3. c4 Nf6 4. Nc3 d6 5. b4 c6 6. Bb2 Be6 7. Qb3 Nbd7 8. d3
O-O 9. Nf3 Nb6 10. Nd4 Bc8 11. O-O e5 12. Nf3 h6 13. a4 Be6 14. a5 Nbd7 15. Nd2
a6 16. e3 Ne8 17. e4 h5 18. Ne2 Ndf6 19. Rae1 Qd7 20. f4 Bh3 21. Nf3 Bxg2 22.
Kxg2 Ng4 23. d4 exd4 24. Bxd4 Bxd4 25. Nexd4 c5 26. bxc5 dxc5 27. Ne2 Ng7 28.
h3 Nf6 29. Nc3 Qc7 30. e5 Nh7 31. Nd5 Qxa5 32. Ra1 Qd8 33. Rfd1 Qe8 34. Nc7 Qe7
35. Nxa8 Rxa8 36. Rdb1 Rd8 37. Qxb7 Qe6 38. Qb6 Qc8 39. Rd1 Rxd1 40. Rxd1 Nf8
41. Ng5 Qf5 42. Qb1 Qc8 43. Qd3 Nge6 44. Ne4 h4 45. Nf6+ Kg7 46. Nd5 hxg3 47.
f5 Nd4 48. f6+ Kh8 49. Qe4 Nh7 50. Ne7 1-0

[Event "Wch U16"]
[Site "Yerevan"]
[Date "1997.10.01"]
[Round "10"]
[White "Bunzmann, Dimitrij"]
[Black "Aronian, Levon"]
[Result "1/2-1/2"]
[WhiteElo "2370"]
[BlackElo "2435"]
[PlyCount "87"]
[EventDate "1997.09.21"]
[EventType "swiss"]
[EventRounds "11"]
[EventCountry "ARM"]
[SourceTitle "EXT 2008"]
[Source "ChessBase"]
[SourceDate "2007.11.25"]
[SourceVersion "1"]
[SourceVersionDate "2007.11.25"]
[SourceQuality "1"]

1. d4 Nf6 2. Nf3 g6 3. g3 Bg7 4. Bg2 d5 5. O-O O-O 6. c4 dxc4 7. Na3 Ne4 8.
Nxc4 Nd6 9. Nce5 Nd7 10. Nd3 c6 11. e3 Nf6 12. Qe2 Be6 13. Nd2 Bg4 14. f3 Bc8
15. Rd1 a5 16. Nf1 Nd7 17. Bd2 e5 18. dxe5 Nxe5 19. Bc3 Qe7 20. Nxe5 Bxe5 21.
Bxe5 Qxe5 22. f4 Qe7 23. e4 f6 24. Re1 Nf7 25. Ne3 Be6 26. Qc2 Kg7 27. Nf5+
Bxf5 28. exf5 Qb4 29. fxg6 hxg6 30. Re4 Qb6+ 31. Kh1 Rfe8 32. Rd1 Rad8 33. Rxe8
Rxe8 34. Bf3 Qe3 35. Kg2 Rd8 36. Rxd8 Nxd8 37. Qd1 Qe7 38. h4 Nf7 39. h5 Qd6
40. Qc2 gxh5 41. Qf5 Qd2+ 42. Kh3 Nh6 43. Qxh5 Qd3 44. Kh2 {1.55-1.28} 1/2-1/2

[Event "Wch U16"]
[Site "Yerevan"]
[Date "1997.10.02"]
[Round "11"]
[White "Aronian, Levon"]
[Black "Bruzon Batista, Lazaro"]
[Result "1/2-1/2"]
[WhiteElo "2435"]
[BlackElo "2345"]
[PlyCount "133"]
[EventDate "1997.09.21"]
[EventType "swiss"]
[EventRounds "11"]
[EventCountry "ARM"]
[SourceTitle "EXT 2008"]
[Source "ChessBase"]
[SourceDate "2007.11.25"]
[SourceVersion "1"]
[SourceVersionDate "2007.11.25"]
[SourceQuality "1"]

1. c4 e5 2. Nc3 Nc6 3. g3 Nf6 4. Bg2 Bc5 5. a3 a6 6. e3 O-O 7. Nge2 d6 8. O-O
Ba7 9. b4 Ne7 10. Bb2 c6 11. d4 Be6 12. dxe5 dxe5 13. c5 Qxd1 14. Rfxd1 Rad8
15. Kf1 Bb8 16. Rxd8 Rxd8 17. Rd1 Rxd1+ 18. Nxd1 Kf8 19. Ke1 Ke8 20. Nc1 Nd7
21. Nd3 f6 22. Kd2 Bc7 23. e4 Kf7 24. Bc3 Nc8 25. Ne3 Ne7 26. Bf1 Kf8 27. Nb2
Kf7 28. Nbc4 Kf8 29. Be2 Kf7 30. Bd1 g6 31. Nb2 Kf8 32. Nec4 Nc8 33. f3 Ne7 34.
Kd3 Nc8 35. Bd2 Ne7 36. Be3 Nc8 37. Bb3 Kf7 38. Nd2 Ke7 39. Nbc4 Kf7 40. Bd1
Ne7 41. Nb3 Bxc4+ 42. Kxc4 f5 43. Kd3 f4 44. Bf2 g5 45. g4 Ng6 46. Nd2 Ke7 47.
Bb3 Bb8 48. Bc4 Ngf8 49. h4 h6 50. Nb3 Bc7 51. h5 Ne6 52. Kc2 Kd8 53. a4 Nf6
54. Kc3 Kd7 55. Kd3 Ke7 56. Be1 Kd7 57. Bc3 Ke7 58. Kc2 Nd7 59. Be2 Nf6 60. Kd3
Nd7 61. Kc4 Nd8 62. Bd1 b5+ 63. Kd3 Ne6 64. Na1 Bd8 65. Bb3 Bc7 66. Bxe6 Kxe6
67. axb5 1/2-1/2

[Event "WUCC op U16"]
[Site "Istanbul"]
[Date "1998.??.??"]
[Round "?"]
[White "Aronian, Levon"]
[Black "Kovchan, Alexander"]
[Result "1/2-1/2"]
[WhiteElo "2455"]
[BlackElo "2350"]
[PlyCount "73"]
[EventDate "1998.??.??"]
[EventType "swiss"]
[EventRounds "10"]
[EventCountry "TUR"]
[SourceTitle "EXT 2007"]
[Source "ChessBase"]
[SourceDate "2006.11.23"]
[SourceVersion "1"]
[SourceVersionDate "2006.11.23"]
[SourceQuality "1"]

1. d4 Nf6 2. c4 g6 3. Nc3 c5 4. d5 Bg7 5. Nf3 O-O 6. Bg5 d6 7. e3 h6 8. Bh4 Na6
9. Be2 Nc7 10. O-O Rb8 11. h3 a6 12. a4 b5 13. Nd2 Bd7 14. Qc2 bxc4 15. e4 e6
16. Nxc4 exd5 17. exd5 Bf5 18. Qd2 Re8 19. Ne3 Be4 20. f3 Bxd5 21. Nexd5 Ncxd5
22. Bxa6 Nc7 23. Be2 d5 24. Nb5 c4 25. Bxc4 dxc4 26. Qxd8 Rexd8 27. Nxc7 Rxb2
28. a5 Rdd2 29. Bf2 Ne8 30. Nxe8 Bd4 31. Nf6+ Bxf6 32. Rad1 Rxd1 33. Rxd1 Ra2
34. Bd4 Bxd4+ 35. Rxd4 c3 36. Rc4 c2 37. Kh2 1/2-1/2

[Event "WUCC op U16"]
[Site "Istanbul"]
[Date "1998.??.??"]
[Round "?"]
[White "Aronian, Levon"]
[Black "Rachela, Milan"]
[Result "1-0"]
[WhiteElo "2455"]
[BlackElo "2075"]
[PlyCount "71"]
[EventDate "1998.??.??"]
[EventType "swiss"]
[EventRounds "10"]
[EventCountry "TUR"]
[SourceTitle "EXT 2007"]
[Source "ChessBase"]
[SourceDate "2006.11.23"]
[SourceVersion "1"]
[SourceVersionDate "2006.11.23"]
[SourceQuality "1"]

1. Nf3 Nf6 2. g3 d5 3. Bg2 c6 4. O-O Bf5 5. d3 Nbd7 6. Nbd2 e6 7. Qe1 Bc5 8. e4
Bg6 9. e5 Ng8 10. Kh1 Qc7 11. b3 Ne7 12. Bb2 Nf5 13. a3 h5 14. h3 a5 15. d4 Be7
16. c4 O-O 17. Ng1 Rfd8 18. Ne2 a4 19. b4 Bg5 20. Nf3 Be7 21. c5 b6 22. Nf4
bxc5 23. dxc5 Nb8 24. Qd1 Qb7 25. Bc1 Na6 26. g4 hxg4 27. hxg4 Nh6 28. Nxg6
fxg6 29. Bxh6 gxh6 30. Nd4 Nc7 31. f4 Bf8 32. Qd3 Kh7 33. f5 gxf5 34. gxf5 exf5
35. Rxf5 Kh8 36. Rf7 1-0

[Event "WUCC op U16"]
[Site "Istanbul"]
[Date "1998.??.??"]
[Round "?"]
[White "Aronian, Levon"]
[Black "Riazantsev, Alexander"]
[Result "1-0"]
[WhiteElo "2455"]
[BlackElo "2290"]
[PlyCount "153"]
[EventDate "1998.??.??"]
[EventType "swiss"]
[EventRounds "10"]
[EventCountry "TUR"]
[SourceTitle "EXT 2007"]
[Source "ChessBase"]
[SourceDate "2006.11.23"]
[SourceVersion "1"]
[SourceVersionDate "2006.11.23"]
[SourceQuality "1"]

1. g3 e6 2. Bg2 f5 3. Nf3 Nf6 4. O-O d5 5. d3 Be7 6. c4 c6 7. Nbd2 O-O 8. Qc2
Na6 9. b3 Bd7 10. Bb2 Be8 11. Bc3 Bh5 12. Rab1 c5 13. a3 d4 14. Ba1 Bd6 15.
Rfe1 Qd7 16. e3 e5 17. exd4 exd4 18. b4 cxb4 19. Bxd4 bxa3 20. Ne5 Bxe5 21.
Bxe5 Nc5 22. d4 Nce4 23. h3 Rac8 24. Nxe4 fxe4 25. c5 b6 26. Qb3+ Qd5 27. cxb6
axb6 28. Qxa3 Rc6 29. g4 Bg6 30. Qe3 Qf7 31. Qf4 Qd7 32. Qd2 Nd5 33. Rbc1 Rxc1
34. Rxc1 Rc8 35. Rxc8+ Qxc8 36. Qa2 Qb7 37. h4 b5 38. h5 Bf7 39. Qd2 Nf6 40.
Qg5 h6 41. Qf5 Qd5 42. g5 Qd7 43. Bxe4 Qxf5 44. Bxf5 hxg5 45. h6 b4 46. Kf1 b3
47. Ke1 b2 48. Bb1 Nd5 49. h7+ Kh8 50. Kd2 Nf6 51. Kc3 Nxh7 52. Kxb2 Nf6 53.
Kc3 Kg8 54. Kb4 Kf8 55. Kc5 Ke7 56. Bd6+ Kd8 57. Be5 Ke7 58. Bd6+ Kd8 59. Bf5
Bd5 60. Be5 Bf7 61. Kc6 Be8+ 62. Kd6 Bf7 63. Kc5 Ke7 64. Bd6+ Kd8 65. Bd3 Nd7+
66. Kc6 Nf6 67. Bf8 g6 68. Kd6 Ne8+ 69. Ke5 g4 70. d5 g5 71. d6 Nxd6 72. Bxd6
Bb3 73. Bf5 Ke8 74. Kf6 Bc4 75. Kxg5 Kf7 76. Bxg4 Bd5 77. f4 1-0

[Event "WUCC op U16"]
[Site "Istanbul"]
[Date "1998.??.??"]
[Round "?"]
[White "Aronian, Levon"]
[Black "Roiz, Michael"]
[Result "1/2-1/2"]
[WhiteElo "2455"]
[BlackElo "2370"]
[PlyCount "71"]
[EventDate "1998.??.??"]
[EventType "swiss"]
[EventRounds "10"]
[EventCountry "TUR"]
[SourceTitle "EXT 2007"]
[Source "ChessBase"]
[SourceDate "2006.11.23"]
[SourceVersion "1"]
[SourceVersionDate "2006.11.23"]
[SourceQuality "1"]

1. g3 Nf6 2. Bg2 d5 3. Nf3 g6 4. b3 Bg7 5. Bb2 c5 6. c4 d4 7. b4 O-O 8. O-O a5
9. bxc5 Nc6 10. Na3 Nd7 11. Nb5 Nxc5 12. Ba3 Nb4 13. d3 e5 14. Nd2 Re8 15. Nb3
Bf8 16. Qd2 Nxb3 17. axb3 Ra6 18. Rae1 Bc5 19. e3 Rae6 20. Bd5 R6e7 21. exd4
exd4 22. Rxe7 Qxe7 23. Bxb4 axb4 24. h4 Bf5 25. Kg2 Qe2 26. Rd1 b6 27. Na7 Qxd2
28. Rxd2 Re1 29. Nc6 Rb1 30. Ne5 Be6 31. Bxe6 fxe6 32. Ra2 Rxb3 33. Ra8+ Kg7
34. Ra7+ Kg8 35. Ra8+ Kg7 36. Ra7+ 1/2-1/2

[Event "WUCC op U16"]
[Site "Istanbul"]
[Date "1998.??.??"]
[Round "?"]
[White "Geanta, Horia"]
[Black "Aronian, Levon"]
[Result "1/2-1/2"]
[WhiteElo "2205"]
[BlackElo "2455"]
[PlyCount "85"]
[EventDate "1998.??.??"]
[EventType "swiss"]
[EventRounds "10"]
[EventCountry "TUR"]
[SourceTitle "EXT 2007"]
[Source "ChessBase"]
[SourceDate "2006.11.23"]
[SourceVersion "1"]
[SourceVersionDate "2006.11.23"]
[SourceQuality "1"]

1. e4 c5 2. Nf3 d6 3. d4 cxd4 4. Nxd4 Nf6 5. Nc3 g6 6. Be3 Bg7 7. f3 Nc6 8. Qd2
O-O 9. O-O-O d5 10. Qe1 e5 11. Nxc6 bxc6 12. exd5 Nxd5 13. Bc5 Bh6+ 14. Kb1
Nxc3+ 15. bxc3 Rb8+ 16. Ka1 Qa5 17. Bxf8 Be6 18. c4 Qxe1 19. Rxe1 Bd2 20. a4
Bxe1 21. Ba3 Bc3+ 22. Ka2 f5 23. Be2 Kf7 24. Rb1 Rxb1 25. Kxb1 Bc8 26. Bc5 Bd4
27. Bxd4 exd4 28. c3 dxc3 29. Kc2 c5 30. f4 Bd7 31. a5 Bc6 32. g3 Ke6 33. Kxc3
Kd6 34. Kb3 Kc7 35. Ka3 Kb7 36. Bd1 Be8 37. Bf3+ Ka6 38. Bd5 Kxa5 39. Bg8 h6
40. h4 Kb6 41. Kb3 Kc7 42. Bh7 h5 43. Bg8 1/2-1/2

[Event "WUCC op U16"]
[Site "Istanbul"]
[Date "1998.??.??"]
[Round "?"]
[White "Ghaem Maghami, Ehsan"]
[Black "Aronian, Levon"]
[Result "0-1"]
[WhiteElo "2280"]
[BlackElo "2455"]
[PlyCount "102"]
[EventDate "1998.??.??"]
[EventType "swiss"]
[EventRounds "10"]
[EventCountry "TUR"]
[SourceTitle "EXT 2007"]
[Source "ChessBase"]
[SourceDate "2006.11.23"]
[SourceVersion "1"]
[SourceVersionDate "2006.11.23"]
[SourceQuality "1"]

1. e4 c5 2. c3 d6 3. d4 Nf6 4. dxc5 Nc6 5. f3 d5 6. Nd2 e6 7. exd5 Qxd5 8. Nb3
Be7 9. Qxd5 Nxd5 10. Bb5 O-O 11. f4 Nc7 12. Bxc6 bxc6 13. Nf3 f6 14. O-O a5 15.
Kh1 a4 16. Nbd4 Ra6 17. Bd2 Bxc5 18. c4 Rd8 19. Bc3 Bd6 20. Nd2 Bc5 21. Nc2 Be7
22. Rfd1 c5 23. Ne4 Re8 24. Re1 Bb7 25. Rad1 Bc6 26. Kg1 Rb8 27. Re2 Raa8 28.
h3 h6 29. Ne1 Rd8 30. Nd3 Kf7 31. Rdd2 Na6 32. Kf1 Ra7 33. Ndf2 Rad7 34. Rxd7
Rxd7 35. g3 f5 36. Nd2 Nb4 37. a3 Na2 38. Nb1 Nxc3 39. Nxc3 g5 40. Nfd1 gxf4
41. gxf4 Bf3 42. Nf2 Bxe2+ 43. Kxe2 Rd4 44. Nd3 Kf6 45. Nxa4 Rxc4 46. Nc3 Bd6
47. Ke3 e5 48. fxe5+ Bxe5 49. Nd5+ Ke6 50. Nb6 Rc2 51. b3 Bd4+ 0-1

[Event "WUCC op U16"]
[Site "Istanbul"]
[Date "1998.??.??"]
[Round "?"]
[White "Harikrishna, Pentala"]
[Black "Aronian, Levon"]
[Result "1/2-1/2"]
[WhiteElo "2195"]
[BlackElo "2455"]
[PlyCount "124"]
[EventDate "1998.??.??"]
[EventType "swiss"]
[EventRounds "10"]
[EventCountry "TUR"]
[SourceTitle "EXT 2007"]
[Source "ChessBase"]
[SourceDate "2006.11.23"]
[SourceVersion "1"]
[SourceVersionDate "2006.11.23"]
[SourceQuality "1"]

1. c4 e5 2. g3 Nf6 3. Nc3 d5 4. cxd5 Nxd5 5. Bg2 Nb6 6. Nf3 Nc6 7. O-O Be7 8.
a3 O-O 9. d3 Re8 10. b4 Bf8 11. Bb2 Bg4 12. Ne4 Nd4 13. Nxd4 exd4 14. h3 Bh5
15. Re1 c6 16. Rc1 a5 17. Nc5 axb4 18. axb4 Nd5 19. b5 Qa5 20. Bxd4 Qb4 21.
bxc6 Qxd4 22. Rc4 Qb2 23. Bxd5 b5 24. Rc1 Qd4 25. Be4 Bxc5 26. e3 Qe5 27. g4
Ba3 28. gxh5 Bxc1 29. Qxc1 Qxh5 30. Bg2 Qf5 31. Qb1 Rad8 32. d4 Qg5 33. Rc1 Rc8
34. Rc5 Qh6 35. Rxb5 Rxc6 36. Bxc6 Qxc6 37. Rb8 h5 38. d5 Qd7 39. Qb5 Qxb5 40.
Rxb5 g5 41. d6 f6 42. f4 gxf4 43. exf4 Kf7 44. f5 Re3 45. Kg2 Rd3 46. Rb7+ Kf8
47. Rb8+ Kf7 48. Rb7+ Kf8 49. Rd7 Ke8 50. Re7+ Kf8 51. Re6 Kf7 52. Re7+ Kf8 53.
Rd7 Ke8 54. Rh7 Rxd6 55. Rxh5 Kf7 56. Rh7+ Kg8 57. Rh6 Rd5 58. Rxf6 Kg7 59.
Rg6+ Kf7 60. Rg5 Kf6 61. h4 Rxf5 62. Rxf5+ Kxf5 1/2-1/2

[Event "WUCC op U16"]
[Site "Istanbul"]
[Date "1998.??.??"]
[Round "?"]
[White "Shavtvaladze, Nikoloz"]
[Black "Aronian, Levon"]
[Result "1-0"]
[WhiteElo "2160"]
[BlackElo "2455"]
[PlyCount "55"]
[EventDate "1998.??.??"]
[EventType "swiss"]
[EventRounds "10"]
[EventCountry "TUR"]
[SourceTitle "EXT 2007"]
[Source "ChessBase"]
[SourceDate "2006.11.23"]
[SourceVersion "1"]
[SourceVersionDate "2006.11.23"]
[SourceQuality "1"]

1. e4 c5 2. Nf3 Nc6 3. d4 cxd4 4. Nxd4 g6 5. c4 Bg7 6. Be3 Nf6 7. Nc3 Ng4 8.
Qxg4 Nxd4 9. Qd1 Ne6 10. Rc1 Qa5 11. Qd2 b6 12. Bd3 Bb7 13. Bb1 g5 14. O-O h5
15. Rfd1 d6 16. f3 h4 17. Qf2 Qe5 18. b4 Nf4 19. Bd4 Qe6 20. Bxg7 Rg8 21. Nd5
Bxd5 22. exd5 Qd7 23. Ba1 g4 24. fxg4 Qxg4 25. Kh1 Nxg2 26. Rg1 h3 27. Bf5 Qh5
28. Bxh3 1-0

[Event "Linares Anibal op 05th"]
[Site "Linares"]
[Date "1998.01.27"]
[Round "8"]
[White "Aronian, Levon"]
[Black "Del Rio de Angelis, Salvador Gabriel"]
[Result "1-0"]
[WhiteElo "2455"]
[BlackElo "2395"]
[PlyCount "67"]
[EventDate "1998.01.20"]
[EventType "swiss"]
[EventRounds "10"]
[EventCountry "ESP"]
[SourceTitle "CBM 062 Extra"]
[Source "ChessBase"]
[SourceDate "1998.03.09"]
[SourceVersion "1"]
[SourceVersionDate "1998.03.09"]
[SourceQuality "1"]

1. g3 e5 2. c4 Nf6 3. Bg2 d5 4. cxd5 Nxd5 5. Nc3 Nb6 6. Nf3 Nc6 7. O-O Be7 8.
d3 O-O 9. Be3 f5 10. Rc1 Be6 11. a3 f4 12. Bd2 g5 13. Ne4 Nd7 14. Rxc6 bxc6 15.
Bc3 Bd5 16. Nxe5 Nxe5 17. Bxe5 Bxe4 18. Bxe4 Bf6 19. gxf4 Bxe5 20. fxe5 Qd4 21.
Qb3+ Kh8 22. Bxc6 Rab8 23. Qc3 Qg4+ 24. Kh1 Qxe2 25. e6+ Kg8 26. Re1 Qxf2 27.
e7 Rf6 28. e8=Q+ Rxe8 29. Rxe8+ Kf7 30. Qc4+ Kg7 31. Rg8+ Kh6 32. Qc1 Qh4 33.
Re8 Rf2 34. Re6+ 1-0

[Event "Ubeda op 3rd"]
[Site "Ubeda"]
[Date "1998.01.21"]
[Round "2"]
[White "Christensen, Esben"]
[Black "Aronian, Levon"]
[Result "0-1"]
[WhiteElo "2115"]
[BlackElo "2455"]
[PlyCount "28"]
[EventDate "1998.01.20"]
[EventType "swiss"]
[EventRounds "10"]
[EventCountry "ESP"]
[SourceTitle "CBM 062 Extra"]
[Source "ChessBase"]
[SourceDate "1998.03.09"]
[SourceVersion "1"]
[SourceVersionDate "1998.03.09"]
[SourceQuality "1"]

1. e4 c5 2. Nf3 d6 3. d4 cxd4 4. Nxd4 Nf6 5. Nc3 g6 6. Be2 Bg7 7. Be3 O-O 8.
O-O Nc6 9. f4 Qb6 10. Qd3 Qxb2 11. Bf3 Qa3 12. Rab1 Qa5 13. Nxc6 bxc6 14. h3
Ba6 0-1

[Event "Minsk Zepter op"]
[Site "Minsk"]
[Date "1998.04.29"]
[Round "5"]
[White "Kasparov, Sergey"]
[Black "Aronian, Levon"]
[Result "1/2-1/2"]
[WhiteElo "2335"]
[BlackElo "2455"]
[PlyCount "121"]
[EventDate "1998.04.25"]
[EventType "swiss"]
[EventRounds "9"]
[EventCountry "BLR"]
[SourceTitle "CBM 064 Extra"]
[Source "ChessBase"]
[SourceDate "1998.07.07"]
[SourceVersion "1"]
[SourceVersionDate "1998.07.07"]
[SourceQuality "1"]

1. d4 Nf6 2. c4 g6 3. Nc3 d5 4. Nf3 Bg7 5. e3 O-O 6. Be2 c5 7. dxc5 dxc4 8.
Bxc4 Qxd1+ 9. Kxd1 Nbd7 10. c6 bxc6 11. Ke2 Nb6 12. Bd3 Nfd5 13. Bd2 Nb4 14. a3
Nxd3 15. Kxd3 Ba6+ 16. Kc2 Rfd8 17. Rad1 Bd3+ 18. Kc1 Nc4 19. Nd4 c5 20. Nc6
Rd6 21. Be1 Kf8 22. Na4 Nb6 23. Nc3 Nc4 24. Na4 Be4 25. Rxd6 exd6 26. Na5 Bxg2
27. Rg1 Bd5 28. Nxc4 Bxc4 29. Bc3 Bb3 30. Bxg7+ Kxg7 31. Nc3 a6 32. Ne4 Rd8 33.
Nd2 Be6 34. Kc2 f5 35. h4 Kf6 36. Kc3 d5 37. Nf3 a5 38. b4 cxb4+ 39. axb4 Rc8+
40. Kd2 axb4 41. Nd4 Ra8 42. Rb1 Ra2+ 43. Ke1 Ra4 44. f4 Bd7 45. Rb2 Kg7 46.
Kf2 Kf6 47. Kg3 Be6 48. Kf3 Bf7 49. Kf2 h6 50. Kf3 Be6 51. Kg3 Bd7 52. Nc2 g5
53. hxg5+ hxg5 54. fxg5+ Kxg5 55. Rxb4 Ra2 56. Nd4 Kf6 57. Rb7 Bc8 58. Rc7 Ba6
59. Rc6+ Kf7 60. Nxf5 Bd3 61. Nd4 1/2-1/2

[Event "Minsk Zepter op"]
[Site "Minsk"]
[Date "1998.04.30"]
[Round "6"]
[White "Aronian, Levon"]
[Black "Borisenko, Andrei"]
[Result "1-0"]
[WhiteElo "2455"]
[BlackElo "2350"]
[PlyCount "83"]
[EventDate "1998.04.25"]
[EventType "swiss"]
[EventRounds "9"]
[EventCountry "BLR"]
[SourceTitle "CBM 064 Extra"]
[Source "ChessBase"]
[SourceDate "1998.07.07"]
[SourceVersion "1"]
[SourceVersionDate "1998.07.07"]
[SourceQuality "1"]

1. c4 e5 2. g3 Nf6 3. Bg2 Nc6 4. d3 Bc5 5. Nc3 d6 6. a3 a5 7. e3 O-O 8. Nge2
Bf5 9. h3 Rb8 10. g4 Bd7 11. Ng3 Ne7 12. O-O Bc6 13. d4 Bb6 14. c5 exd4 15.
exd4 dxc5 16. dxc5 Qxd1 17. Rxd1 Bxc5 18. Bg5 Rfd8 19. Bxc6 Nxc6 20. Bxf6 gxf6
21. Kg2 Bd4 22. Nh5 Kf8 23. Rab1 Ne7 24. Nb5 Be5 25. f4 Rxd1 26. Rxd1 Bxb2 27.
Rb1 c6 28. Rxb2 cxb5 29. Nxf6 Rc8 30. Rxb5 Rc2+ 31. Kf1 Ng6 32. f5 Nf4 33.
Nxh7+ Kg7 34. Ng5 Rc3 35. Rxb7 Nxh3 36. Rxf7+ Kg8 37. Rf6 Nxg5 38. Rg6+ Kf7 39.
Rxg5 Rxa3 40. Rg6 a4 41. Ra6 Ra2 42. g5 1-0

[Event "Minsk Zepter op"]
[Site "Minsk"]
[Date "1998.05.03"]
[Round "9"]
[White "Fominyh, Alexander"]
[Black "Aronian, Levon"]
[Result "1/2-1/2"]
[WhiteElo "2530"]
[BlackElo "2455"]
[PlyCount "98"]
[EventDate "1998.04.25"]
[EventType "swiss"]
[EventRounds "9"]
[EventCountry "BLR"]
[SourceTitle "CBM 064 Extra"]
[Source "ChessBase"]
[SourceDate "1998.07.07"]
[SourceVersion "1"]
[SourceVersionDate "1998.07.07"]
[SourceQuality "1"]

1. d4 Nf6 2. Nf3 g6 3. g3 Bg7 4. Bg2 d5 5. O-O O-O 6. Be3 Nc6 7. h3 h6 8. Qc1
Kh7 9. Rd1 Ne4 10. c4 dxc4 11. Qxc4 Nd6 12. Qc1 Nf5 13. Nc3 Nxe3 14. Qxe3 Nb4
15. Rac1 c6 16. a3 Nd5 17. Nxd5 cxd5 18. Qb3 Qd6 19. Rc5 b6 20. Rc3 Ba6 21. Ne5
Bxe2 22. Re1 Bc4 23. Nxc4 dxc4 24. Rxc4 Rad8 25. d5 Rc8 26. Rc6 Rxc6 27. dxc6
Bd4 28. Re2 Kg7 29. Qc4 b5 30. Qb3 a6 31. Rc2 Rc8 32. a4 Qe5 33. axb5 axb5 34.
Kh2 h5 35. h4 e6 36. Rd2 Bb6 37. Qf3 Rd8 38. Rc2 Rd4 39. Kh3 Bc7 40. Bf1 b4 41.
b3 Qe1 42. Kg2 Qb1 43. Rc4 Rd1 44. Rxb4 Rxf1 45. Rb7 Rh1 46. Qc3+ e5 47. Rxc7
Qe4+ 48. f3 Qe2+ 49. Kxh1 Qf1+ 1/2-1/2